[Event "4NCL Division Three Bishops"]
[Site "Telford, ENG"]
[Date "2024.01.07"]
[Round "4.46"]
[White "Fernando, Manel"]
[Black "Bryant, Richard B E"]
[Result "1-0"]
[WhiteElo "1513"]
[BlackElo "1852"]
[PlyCount "109"]
[EventDate "2024.01.07"]
[WhiteTeam "Brown Jack"]
[BlackTeam "Shropshire & Friends"]

1. d4 Nf6 2. Bf4 d6 3. Nf3 h6 4. e3 Nh5 5. Bg3 Nxg3 6. hxg3 Bg4 7. Be2 Nd7 8.
Nbd2 e6 9. c3 c6 10. Nh2 Bxe2 11. Qxe2 Be7 12. e4 Qc7 13. Nhf3 e5 14. Nh4 g6
15. Nc4 O-O-O 16. Nf3 Rde8 17. O-O-O b5 18. Ne3 Qa5 19. Kb1 Kc7 20. dxe5 Nxe5
21. Nxe5 dxe5 22. Qf3 Rh7 23. Ng4 Bg5 24. Nf6 Bxf6 25. Qxf6 Qb6 26. Qd6+ Kb7
27. Qd7+ Ka6 28. Qxe8 f5 29. exf5 gxf5 30. Qg6 Rc7 31. Qxf5 b4 32. cxb4 Kb7 33.
Rxh6 Qxb4 34. Qxe5 a5 35. Rhd6 Ka6 36. R6d4 Qb6 37. Qe2+ Kb7 38. Rd7 Ka7 39.
Rxc7+ Qxc7 40. Qe3+ Kb7 41. Qd3 Kb6 42. a4 Qf7 43. Qd8+ Ka6 44. Qd6 Kb6 45. Rc1
Qf5+ 46. Ka1 Qe4 47. Qc5+ Kb7 48. Qxa5 Qd4 49. Re1 Qd6 50. Qc3 Qf8 51. f4 Kc7
52. Re6 Qa8 53. Qb4 Qa6 54. Qd6+ Kb7 55. Qd7+ 1-0

[Event "4NCL Division Three Bishops"]
[Site "Telford, ENG"]
[Date "2024.01.07"]
[Round "4.51"]
[White "Maton, Emily"]
[Black "Geue, Niklas"]
[Result "0-1"]
[WhiteElo "1725"]
[BlackElo "2175"]
[PlyCount "154"]
[EventDate "2024.01.07"]
[WhiteTeam "She Plays To Win Lionesses"]
[BlackTeam "Greater Woodpushers"]

1. d4 Nf6 2. Nf3 d5 3. e3 c5 4. b3 cxd4 5. exd4 Nc6 6. h3 Bf5 7. Bd3 Bxd3 8.
Qxd3 e6 9. O-O Rc8 10. c3 Bd6 11. Nbd2 O-O 12. Re1 Qc7 13. Bb2 a6 14. Qe2 Qa5
15. Ne5 Ba3 16. Bxa3 Qxa3 17. Ndf3 Ne4 18. c4 Nb4 19. c5 Rfd8 20. Nd3 Nc6 21.
Nde5 Ne7 22. Nd2 Nf5 23. Nxe4 dxe4 24. Qxe4 Nxd4 25. Qxb7 f6 26. Nc4 Qxc5 27.
Rab1 e5 28. Qxa6 Ra8 29. Qb6 Qxb6 30. Nxb6 Rxa2 31. b4 Nc2 32. Rec1 Rd2 33. Rf1
Nd4 34. Nc4 Rdc2 35. Ne3 Rcb2 36. Nc4 Ne2+ 37. Kh2 Rxb1 38. Rxb1 Nc3 39. Rb3
Nb5 40. Kg3 Kf7 41. Rd3 Ke6 42. Rd8 Ra4 43. Re8+ Kf5 44. Rb8 Nd4 45. Ne3+ Kg6
46. Nd5 Ra3+ 47. Kh2 Rb3 48. Rb7 h5 49. Ne7+ Kg5 50. Nd5 Kh6 51. Ne7 h4 52.
Ng8+ Kg6 53. Ne7+ Kg5 54. Nd5 Kh6 55. Ne7 Rb2 56. Kg1 Rb1+ 57. Kh2 Rf1 58. f3
Rb1 59. Ng8+ Kg6 60. Ne7+ Kg5 61. Nd5 Kh6 62. Ne3 Ne2 63. Nf5+ Kg5 64. Nxh4
Kxh4 65. Rxg7 Rxb4 66. Rg6 Rb6 67. Rg4+ Kh5 68. Re4 Nf4 69. g3 Rb2+ 70. Kh1 Nd3
71. Rh4+ Kg6 72. Rh8 Rf2 73. f4 e4 74. Re8 Kf5 75. Rf8 e3 76. g4+ Kxf4 77.
Rxf6+ Kg3 0-1

[Event "4NCL Division Three Bishops"]
[Site "Telford, ENG"]
[Date "2024.01.07"]
[Round "4.52"]
[White "Norris, Ethan"]
[Black "Latypova, Olga L"]
[Result "1-0"]
[WhiteElo "2254"]
[BlackElo "1775"]
[PlyCount "55"]
[EventDate "2024.01.07"]
[WhiteTeam "Greater Woodpushers"]
[BlackTeam "She Plays To Win Lionesses"]

1. e4 c5 2. Nf3 e6 3. d4 cxd4 4. Nxd4 a6 5. c4 Qc7 6. Nc3 Nf6 7. Bd3 g6 8. O-O
Bg7 9. Be3 O-O 10. f4 d6 11. h3 Nfd7 12. Qd2 b6 13. Rac1 Bb7 14. f5 e5 15. Nde2
Qd8 16. Rcd1 Nf6 17. Bb1 Nbd7 18. g4 Nc5 19. Ng3 Ne8 20. g5 f6 21. h4 Rf7 22.
b4 Nd7 23. a3 Rc8 24. Ba2 Kh8 25. c5 Rf8 26. cxd6 Bc6 27. Be6 Ra8 28. Qh2 1-0

[Event "4NCL Division Three Bishops"]
[Site "Telford, ENG"]
[Date "2024.01.07"]
[Round "4.53"]
[White "Rida, Ruqayyah"]
[Black "Rawlinson, Aidan M"]
[Result "0-1"]
[WhiteElo "1743"]
[BlackElo "2195"]
[PlyCount "128"]
[EventDate "2024.01.07"]
[WhiteTeam "She Plays To Win Lionesses"]
[BlackTeam "Greater Woodpushers"]

1. e4 g6 2. d4 Bg7 3. Nc3 d6 4. f4 Nf6 5. Nf3 O-O 6. h3 c5 7. Be3 cxd4 8. Bxd4
Nc6 9. Be3 Qa5 10. Qd2 Qb4 11. Bd3 Qxb2 12. O-O Ng4 13. Nb5 Nxe3 14. Qxe3 a6
15. Rfb1 Qf6 16. Nc7 Rb8 17. Nd5 Qe6 18. c3 Qd7 19. Nd4 Nxd4 20. cxd4 e6 21.
Nb6 Qc7 22. e5 Bd7 23. Nc4 d5 24. Nd2 Rfc8 25. Nb3 Qc3 26. Rc1 Qb2 27. Nc5 Be8
28. a4 Qb6 29. Rab1 Qa5 30. Nxb7 Rxc1+ 31. Qxc1 Qxa4 32. Qc3 Bf8 33. Ra1 Qb4
34. Qxb4 Bxb4 35. Bxa6 Bc3 36. Rd1 Bb5 37. Nc5 Bxa6 38. Nxa6 Ra8 39. Nc5 Ra1
40. Rxa1 Bxd4+ 41. Kf1 Bxa1 42. Nd7 Kg7 43. Ke2 g5 44. g3 gxf4 45. gxf4 Kg6 46.
Kf3 Kf5 47. Nf6 Bc3 48. Ng8 Bb4 49. h4 h5 50. Nf6 Kg6 51. Ne8 Be7 52. Nd6 Bxh4
53. Nb5 Be7 54. Nd4 Bc5 55. Ne2 Bb6 56. Nc3 Kf5 57. Ne2 h4 58. Nc1 d4 59. Nd3
Ba5 60. Nf2 Bd2 61. Nd3 Be3 62. Kg2 Ke4 63. Nc5+ Kxf4 64. Nd3+ Ke4 0-1

[Event "4NCL Division Three Bishops"]
[Site "Telford, ENG"]
[Date "2024.01.07"]
[Round "4.54"]
[White "Ackley, Peter J E"]
[Black "Vyas, Alisha"]
[Result "1/2-1/2"]
[WhiteElo "2127"]
[BlackElo "1751"]
[PlyCount "81"]
[EventDate "2024.01.07"]
[WhiteTeam "Greater Woodpushers"]
[BlackTeam "She Plays To Win Lionesses"]

1. d3 g6 2. f4 Bg7 3. Nf3 Nc6 4. g3 d5 5. Bg2 e6 6. O-O Nge7 7. c3 O-O 8. Qc2
b6 9. e4 Bb7 10. e5 Qd7 11. d4 Na5 12. Be3 Nc4 13. Bf2 Nf5 14. Re1 Rfc8 15. b3
Na5 16. Na3 c5 17. Qb2 cxd4 18. cxd4 Ba6 19. Rec1 Bf8 20. g4 Ne7 21. Nc2 Bb7
22. Nce1 Rxc1 23. Rxc1 Rc8 24. Bf1 Rxc1 25. Qxc1 Qc6 26. Qc2 Qxc2 27. Nxc2 Nac6
28. Bd3 Nb8 29. Kf1 Ba6 30. Nfe1 Nec6 31. Ke2 Bxd3+ 32. Nxd3 Na6 33. Be1 Nc7
34. Ndb4 Nxb4 35. Bxb4 Nb5 36. Kd3 a5 37. Bd2 Na3 38. Nxa3 Bxa3 39. Kc2 Be7 40.
g5 Kf8 41. a4 1/2-1/2

[Event "4NCL Division Three Bishops"]
[Site "Telford, ENG"]
[Date "2024.01.07"]
[Round "4.55"]
[White "Ashton, Alannah"]
[Black "Kay, Lee P"]
[Result "1/2-1/2"]
[WhiteElo "1714"]
[BlackElo "2016"]
[PlyCount "73"]
[EventDate "2024.01.07"]
[WhiteTeam "She Plays To Win Lionesses"]
[BlackTeam "Greater Woodpushers"]

1. e4 g6 2. d4 Nf6 3. Nc3 d5 4. e5 Ne4 5. Nxe4 dxe4 6. Be3 Bg7 7. Ne2 c5 8. Nc3
cxd4 9. Bb5+ Nc6 10. Bxc6+ bxc6 11. Qxd4 Qc7 12. Bf4 c5 13. Qxe4 Bb7 14. Qe3
Qc6 15. f3 f5 16. O-O O-O 17. Kh1 Rfd8 18. Rfd1 Ba6 19. Bg5 Kf7 20. Bh4 Rac8
21. Bg3 Bc4 22. Rd2 Rxd2 23. Qxd2 Qb6 24. b3 Be6 25. Rd1 Qb8 26. Qe3 c4 27. Ne2
Rd8 28. Rxd8 Qxd8 29. Qd4 Qa5 30. Nc3 cxb3 31. cxb3 Bxb3 32. axb3 Qa1+ 33. Qd1
Qxc3 34. Qd5+ e6 35. Qd7+ Kf8 36. Qd8+ Kf7 37. Qd7+ 1/2-1/2

[Event "4NCL Division Three Bishops"]
[Site "Telford, ENG"]
[Date "2024.01.07"]
[Round "4.56"]
[White "McLean, Robert"]
[Black "Tree, Djuna"]
[Result "1-0"]
[WhiteElo "2060"]
[BlackElo "1397"]
[PlyCount "53"]
[EventDate "2024.01.07"]
[WhiteTeam "Greater Woodpushers"]
[BlackTeam "She Plays To Win Lionesses"]

1. e4 c5 2. Nf3 e6 3. d4 cxd4 4. Nxd4 Nc6 5. Nc3 Qc7 6. Be3 a6 7. Qf3 Nf6 8.
O-O-O Ne5 9. Qg3 d6 10. f4 Ng6 11. Be2 Be7 12. h4 h5 13. f5 exf5 14. exf5 Ne5
15. Qxg7 Rg8 16. Nd5 Qxc2+ 17. Kxc2 Rxg7 18. Nc7+ Kd8 19. Nxa8 Nd5 20. Bd2 Ng4
21. Bxg4 Rxg4 22. Ba5+ Ke8 23. Nc7+ Nxc7 24. Bxc7 Bf6 25. Rhe1+ Kf8 26. Bxd6+
Kg7 27. Be5 1-0

[Event "4NCL Division Three Bishops"]
[Site "Telford, ENG"]
[Date "2024.01.07"]
[Round "4.61"]
[White "Hazlehurst, Cory S"]
[Black "Sanitt, Leo"]
[Result "1/2-1/2"]
[WhiteElo "2116"]
[BlackElo "2106"]
[PlyCount "69"]
[EventDate "2024.01.07"]
[WhiteTeam "The MASCeteers"]
[BlackTeam "Barnet Knights B"]

1. d4 Nf6 2. Nf3 g6 3. g3 Bg7 4. Bg2 O-O 5. O-O d6 6. a4 a5 7. Re1 Nbd7 8. e4
e5 9. Nc3 c6 10. h3 Qc7 11. Be3 Re8 12. Qd2 Rb8 13. Bf1 exd4 14. Bxd4 Ne5 15.
Nxe5 dxe5 16. Ba7 Ra8 17. Be3 Be6 18. f3 Nh5 19. Qf2 f5 20. Bb6 Qf7 21. Rad1 f4
22. g4 Nf6 23. Rd2 Bf8 24. Bc5 Red8 25. Red1 Rxd2 26. Rxd2 Nd7 27. Bxf8 Kxf8
28. Ne2 Qe7 29. Nc1 Qc5 30. Nd3 Qxf2+ 31. Kxf2 Ke7 32. b3 h6 33. Nb2 Nb6 34.
Nd3 Nd7 35. Nb2 1/2-1/2

[Event "4NCL Division Three Bishops"]
[Site "Telford, ENG"]
[Date "2024.01.07"]
[Round "4.62"]
[White "Sanitt, Ethan"]
[Black "Hurney, Kevin"]
[Result "1-0"]
[WhiteElo "2069"]
[BlackElo "2039"]
[PlyCount "73"]
[EventDate "2024.01.07"]
[WhiteTeam "Barnet Knights B"]
[BlackTeam "The MASCeteers"]

1. c4 Nf6 2. Nc3 c5 3. g3 g6 4. Bg2 Bg7 5. Nf3 O-O 6. O-O Nc6 7. d4 cxd4 8.
Nxd4 Nxd4 9. Qxd4 d6 10. Qd3 Qc7 11. Bd2 Bf5 12. e4 Be6 13. b3 a6 14. Rac1 Rac8
15. h3 Nd7 16. Kh2 Nc5 17. Qe2 Rce8 18. f4 f5 19. Rfe1 fxe4 20. Nxe4 Nxe4 21.
Qxe4 Bc8 22. c5 Qd7 23. c6 bxc6 24. Qxc6 e5 25. Qb6 Re7 26. fxe5 Bxe5 27. Rf1
Ref7 28. Rxf7 Rxf7 29. Bc3 Rf8 30. Bxe5 dxe5 31. Rc7 Qd4 32. Qc6 Qd8 33. Qc5
Re8 34. Ra7 e4 35. Qc4+ Be6 36. Qxe4 Bxh3 37. Qb7 1-0

[Event "4NCL Division Three Bishops"]
[Site "Telford, ENG"]
[Date "2024.01.07"]
[Round "4.63"]
[White "Vaidyanathan, Sathya"]
[Black "Ethelontis, Alexandros N"]
[Result "0-1"]
[WhiteElo "1824"]
[BlackElo "2021"]
[PlyCount "130"]
[EventDate "2024.01.07"]
[WhiteTeam "The MASCeteers"]
[BlackTeam "Barnet Knights B"]

1. e4 d6 2. d4 Nf6 3. Bd3 e5 4. dxe5 dxe5 5. Nf3 Nc6 6. Nc3 Bc5 7. O-O Bg4 8.
h3 Bh5 9. Be3 Bb6 10. Bxb6 axb6 11. Be2 O-O 12. Nd2 Bg6 13. f3 Nd4 14. Nb3 Ne6
15. Bc4 Nf4 16. Ne2 N6h5 17. Nxf4 Nxf4 18. Qxd8 Rfxd8 19. Rad1 c6 20. Rfe1 Kf8
21. a3 Ke7 22. Bf1 f6 23. Nc1 Bf7 24. Ne2 g5 25. Nxf4 gxf4 26. Be2 b5 27. Rxd8
Rxd8 28. Rd1 Ra8 29. c3 Bc4 30. Bxc4 bxc4 31. Kf1 Ra5 32. Ke1 Rb5 33. Rd2 Ke6
34. Kd1 Ke7 35. Kc2 Ra5 36. Rd1 Ra8 37. Rd2 Rg8 38. Kd1 Ke6 39. Ke1 Re8 40. Kf2
Ke7 41. Kf1 Rf8 42. Kf2 Ra8 43. Kf1 Ra5 44. Ke2 f5 45. exf5 Rd5 46. Rc2 Kf6 47.
Kf2 Kxf5 48. Re2 h5 49. Ke1 Ke6 50. Re4 Rb5 51. Re2 h4 52. Kd1 Rd5+ 53. Ke1 Kd6
54. Re4 b5 55. Re2 Kc5 56. Rc2 Kb6 57. Re2 Ka5 58. Rd2 Ka4 59. Rc2 Kb3 60. Rf2
Ka2 61. Rc2 Kb1 62. Re2 Kc1 63. Rf2 Rd1+ 64. Ke2 Rd2+ 65. Ke1 Rxf2 0-1

[Event "4NCL Division Three Bishops"]
[Site "Telford, ENG"]
[Date "2024.01.07"]
[Round "4.64"]
[White "Kirupakaran, Vishnu"]
[Black "Dos Santos Silva, Bruno Alexandre"]
[Result "1-0"]
[WhiteElo "1893"]
[BlackElo "1821"]
[PlyCount "29"]
[EventDate "2024.01.07"]
[WhiteTeam "Barnet Knights B"]
[BlackTeam "The MASCeteers"]

1. e4 c5 2. Nc3 g6 3. d4 cxd4 4. Qxd4 Nf6 5. Qa4 Bg7 6. e5 Nh5 7. g4 O-O 8.
gxh5 Bxe5 9. Bh6 Re8 10. Nf3 Bxc3+ 11. bxc3 Qc7 12. Qd4 f6 13. Bc4+ Kh8 14.
hxg6 hxg6 15. Qh4 1-0

[Event "4NCL Division Three Bishops"]
[Site "Telford, ENG"]
[Date "2024.01.07"]
[Round "4.65"]
[White "Walner, Milenko"]
[Black "Gagan B R"]
[Result "1-0"]
[WhiteElo "1786"]
[BlackElo "1888"]
[PlyCount "115"]
[EventDate "2024.01.07"]
[WhiteTeam "The MASCeteers"]
[BlackTeam "Barnet Knights B"]

1. e4 e6 2. d4 d5 3. Nd2 Nf6 4. Bd3 c5 5. e5 Nfd7 6. c3 Nc6 7. Ne2 cxd4 8. cxd4
f6 9. Nf4 Nxd4 10. Qh5+ Ke7 11. exf6+ Nxf6 12. Ng6+ hxg6 13. Qxh8 Kf7 14. Qh4
e5 15. Nb3 Nxb3 16. axb3 Bf5 17. Bxf5 gxf5 18. Bg5 Qb6 19. Bxf6 Bb4+ 20. Kf1
gxf6 21. Qh5+ Ke6 22. g4 Qb5+ 23. Kg2 fxg4 24. Qxg4+ Kf7 25. Qh5+ Ke6 26. Qg4+
Kf7 27. Qh5+ Ke7 28. Qh7+ Kd6 29. Qf7 Qd3 30. Qxf6+ Kd7 31. Qf7+ Be7 32. Rhd1
Qe4+ 33. f3 Qe2+ 34. Kg3 d4 35. Re1 Rg8+ 36. Qxg8 Bh4+ 37. Kh3 Bxe1 38. Qd5+
Ke7 39. Qxb7+ Kf6 40. Ra6+ Kg5 41. Qe7+ Kf4 42. Rf6+ Ke3 43. Qxe5+ Kd3 44. Qb5+
Kd2 45. Qb4+ Kc2 46. Qc4+ Qxc4 47. bxc4 Bb4 48. Ra6 Bc5 49. b4 Bxb4 50. Rxa7
Kb3 51. Rc7 d3 52. c5 Kc4 53. c6 Bc5 54. Rd7 Bd4 55. c7 d2 56. c8=Q+ Kd3 57.
Rxd4+ Kxd4 58. Kg4 1-0

[Event "4NCL Division Three Bishops"]
[Site "Telford, ENG"]
[Date "2024.01.07"]
[Round "4.66"]
[White "Robinson, James"]
[Black "Drugan, Mark A"]
[Result "1/2-1/2"]
[WhiteElo "1874"]
[BlackElo "1754"]
[PlyCount "41"]
[EventDate "2024.01.07"]
[WhiteTeam "Barnet Knights B"]
[BlackTeam "The MASCeteers"]

1. d4 Nf6 2. Nf3 g6 3. b3 Bg7 4. Bb2 d5 5. e3 b6 6. Nbd2 Bb7 7. Ne5 a6 8. Be2
Nbd7 9. f4 c5 10. c3 cxd4 11. cxd4 Rc8 12. O-O O-O 13. Rc1 e6 14. Rxc8 Qxc8 15.
Qc1 Qb8 16. Nxd7 Nxd7 17. Qb1 Rc8 18. Rc1 Bf8 19. Rxc8 Qxc8 20. Qc1 Qxc1+ 21.
Bxc1 1/2-1/2

[Event "4NCL Division Three Bishops"]
[Site "Telford, ENG"]
[Date "2024.02.10"]
[Round "5.11"]
[White "Duncan, Patrick C M"]
[Black "Okhai, Shabir"]
[Result "1/2-1/2"]
[WhiteElo "2100"]
[BlackElo "2104"]
[PlyCount "24"]
[EventDate "2024.02.10"]
[WhiteTeam "The MASCeteers"]
[BlackTeam "The Rookies"]

1. b3 e5 2. Bb2 Nc6 3. e3 Nf6 4. Nf3 e4 5. Nd4 Bc5 6. d3 Nxd4 7. exd4 Bb4+ 8.
c3 Qe7 9. Qe2 exd3 10. Qxe7+ Bxe7 11. Bxd3 d5 12. O-O O-O 1/2-1/2

[Event "4NCL Division Three Bishops"]
[Site "Telford, ENG"]
[Date "2024.02.10"]
[Round "5.12"]
[White "Burrows, Martin P"]
[Black "Hazlehurst, Cory S"]
[Result "1/2-1/2"]
[WhiteElo "2132"]
[BlackElo "2094"]
[PlyCount "67"]
[EventDate "2024.02.10"]
[WhiteTeam "The Rookies"]
[BlackTeam "The MASCeteers"]

1. e4 c6 2. d4 d5 3. e5 c5 4. dxc5 e6 5. a3 Bxc5 6. Nf3 f6 7. b4 Be7 8. Bb2 a5
9. b5 Nd7 10. Bd3 Nh6 11. O-O O-O 12. Qe2 Nf7 13. exf6 Bxf6 14. c4 Nc5 15. Nc3
d4 16. Ne4 Nxd3 17. Qxd3 e5 18. a4 Be7 19. Ng3 Qc7 20. Rac1 b6 21. Ba3 Bb7 22.
Bxe7 Qxe7 23. Rfe1 Qf6 24. Nd2 Ng5 25. f3 Ne6 26. Nde4 Qe7 27. Qb3 Nc5 28. Nxc5
Qxc5 29. Qd3 Rf4 30. Re2 Re8 31. Rce1 Ba8 32. h3 Bb7 33. Kh2 Ba8 34. Kh1
1/2-1/2

[Event "4NCL Division Three Bishops"]
[Site "Telford, ENG"]
[Date "2024.02.10"]
[Round "5.13"]
[White "Hurney, Kevin"]
[Black "Compton, Alistair"]
[Result "1/2-1/2"]
[WhiteElo "2038"]
[BlackElo "2108"]
[PlyCount "85"]
[EventDate "2024.02.10"]
[WhiteTeam "The MASCeteers"]
[BlackTeam "The Rookies"]

1. e4 e6 2. Qe2 Nf6 3. d4 c5 4. c3 cxd4 5. cxd4 d5 6. exd5 Bb4+ 7. Bd2 Bxd2+ 8.
Qxd2 exd5 9. Bb5+ Nc6 10. Nc3 O-O 11. Nge2 Re8 12. O-O Bd7 13. Rfe1 Qb6 14. a4
a6 15. a5 Qd8 16. Bxc6 Bxc6 17. Ng3 Rxe1+ 18. Qxe1 Qd6 19. Qd2 Qb4 20. Nf5 h6
21. f3 Re8 22. g4 Bd7 23. Ne3 Qd6 24. Ng2 g5 25. Re1 Qc7 26. Rxe8+ Bxe8 27. h4
Nh7 28. Nxd5 Qd6 29. Nde3 Qf6 30. Nf5 Bd7 31. Nge3 gxh4 32. Nd5 Qg5 33. Qxg5+
hxg5 34. Nd6 Kf8 35. Kf2 Bc6 36. Nb4 Ke7 37. Nc4 Bb5 38. Nd5+ Kd7 39. Nce3 Nf8
40. Nf6+ Ke6 41. Ne4 f6 42. Nc5+ Kf7 43. Nxb7 1/2-1/2

[Event "4NCL Division Three Bishops"]
[Site "Telford, ENG"]
[Date "2024.02.10"]
[Round "5.14"]
[White "Byron, Alan M"]
[Black "Dos Santos Silva, Bruno Alexandre"]
[Result "1-0"]
[WhiteElo "2118"]
[BlackElo "1799"]
[PlyCount "105"]
[EventDate "2024.02.10"]
[WhiteTeam "The Rookies"]
[BlackTeam "The MASCeteers"]

1. c4 c6 2. e4 d5 3. exd5 cxd5 4. d4 Nc6 5. Nc3 Nf6 6. Nf3 Bg4 7. Be3 e6 8. Be2
dxc4 9. Bxc4 Be7 10. h3 Bh5 11. g4 Bg6 12. Ne5 Be4 13. Nxe4 Nxe4 14. O-O Nd6
15. Bb3 O-O 16. Nxc6 bxc6 17. Rc1 Rc8 18. Qf3 Nb5 19. Rfd1 Bf6 20. Qe2 Qe8 21.
f4 g6 22. Rd2 Qd7 23. a4 Nd6 24. Qf3 Nb7 25. Ba2 Rfd8 26. Rcd1 Nd6 27. Bf2 Ne8
28. Bb1 Nc7 29. h4 Qe7 30. h5 Bh8 31. hxg6 hxg6 32. Qe4 Nd5 33. Re2 Re8 34. Kg2
Nf6 35. Qf3 Rf8 36. Bh4 Qd7 37. Ba2 Nd5 38. Bg3 g5 39. f5 exf5 40. Be5 f4 41.
b4 a6 42. Rc1 Rfd8 43. b5 axb5 44. axb5 Ra8 45. Bxd5 Qxd5 46. bxc6 Qxf3+ 47.
Kxf3 Ra3+ 48. Ke4 Bxe5 49. dxe5 Re3+ 50. Rxe3 fxe3 51. c7 Rc8 52. Kd5 e2 53.
Kd6 1-0

[Event "4NCL Division Three Bishops"]
[Site "Telford, ENG"]
[Date "2024.02.10"]
[Round "5.15"]
[White "Vaidyanathan, Sathya"]
[Black "Pyun, Lindsay"]
[Result "1/2-1/2"]
[WhiteElo "1797"]
[BlackElo "1893"]
[PlyCount "72"]
[EventDate "2024.02.10"]
[WhiteTeam "The MASCeteers"]
[BlackTeam "The Rookies"]

1. e4 e5 2. Nf3 Nc6 3. d4 exd4 4. Nxd4 Nf6 5. Nxc6 bxc6 6. Nc3 Bb4 7. Bd3 d5 8.
exd5 O-O 9. O-O cxd5 10. Bg5 c6 11. h3 Be7 12. a3 a5 13. b3 Qc7 14. Re1 Be6 15.
Ne2 h6 16. Bf4 Bd6 17. Bxd6 Qxd6 18. Nd4 Rfe8 19. Qf3 Rad8 20. a4 Bc8 21. Nf5
Bxf5 22. Bxf5 Qb4 23. Re3 Rxe3 24. Qxe3 Re8 25. Qg3 Nh5 26. Qf3 Nf4 27. Bd3 Qd4
28. Rd1 Qe5 29. Bf1 Re6 30. Bd3 Rf6 31. Qe3 Re6 32. Qxe5 Rxe5 33. Kh2 Nxd3 34.
Rxd3 c5 35. Kg3 Kf8 36. f4 Rf5 1/2-1/2

[Event "4NCL Division Three Bishops"]
[Site "Telford, ENG"]
[Date "2024.02.10"]
[Round "5.16"]
[White "Gibson, Christopher A"]
[Black "Walner, Milenko"]
[Result "1-0"]
[WhiteElo "1910"]
[BlackElo "1794"]
[PlyCount "119"]
[EventDate "2024.02.10"]
[WhiteTeam "The Rookies"]
[BlackTeam "The MASCeteers"]

1. d4 d5 2. c4 Nf6 3. cxd5 Nxd5 4. e4 Nf6 5. Nc3 e5 6. d5 Bc5 7. Bb5+ c6 8.
dxc6 Qxd1+ 9. Nxd1 bxc6 10. Bd3 Ba6 11. Bc2 Nbd7 12. Ne2 Rb8 13. a3 O-O 14. f3
Rfd8 15. Ba4 Bb5 16. Bxb5 cxb5 17. Be3 a5 18. Rc1 Rbc8 19. O-O Bb6 20. Nec3 b4
21. axb4 axb4 22. Na2 Rxc1 23. Nxc1 Rc8 24. Bxb6 Nxb6 25. Nd3 Nc4 26. Nxb4 Rb8
27. Nd3 Rb3 28. N1f2 Nd7 29. Rd1 f6 30. Nc1 Rb7 31. b4 Ne3 32. Rd2 Nb6 33. Nd1
Nbc4 34. Rd8+ Kf7 35. Nxe3 Nxe3 36. Nd3 Nc2 37. Nc5 Rxb4 38. Rd7+ Kg8 39. Rd8+
Kf7 40. Rd7+ Kg8 41. Ne6 g6 42. Rg7+ Kh8 43. Rc7 h5 44. Rxc2 Rb6 45. Nc7 Kh7
46. Nd5 Rb1+ 47. Kf2 f5 48. h4 Kh6 49. exf5 Rd1 50. Ne3 Rd4 51. Rc6 Rxh4 52.
fxg6 Rf4 53. Nc4 e4 54. Ne5 Rf5 55. Re6 exf3 56. gxf3 h4 57. Re7 h3 58. Rh7+
Kg5 59. g7 h2 60. g8=Q+ 1-0

[Event "4NCL Division Three Bishops"]
[Site "Telford, ENG"]
[Date "2024.02.10"]
[Round "5.21"]
[White "Kanyamarala, Trisha"]
[Black "Howell, Chris I"]
[Result "1-0"]
[WhiteElo "2243"]
[BlackElo "1804"]
[PlyCount "51"]
[EventDate "2024.02.10"]
[WhiteTeam "She Plays To Win Lionesses"]
[BlackTeam "Sussex Martlets 3"]

1. d4 Nf6 2. c4 g6 3. Nc3 Bg7 4. e4 d6 5. Nf3 O-O 6. Be2 Nbd7 7. O-O e5 8. Be3
Ng4 9. Bg5 f6 10. Bc1 Nh6 11. Qc2 a5 12. Rd1 Nf7 13. Be3 c6 14. c5 Qc7 15. cxd6
Nxd6 16. dxe5 fxe5 17. Nd5 Qb8 18. Ne7+ Kh8 19. Nxc8 Rxc8 20. Ng5 Rf8 21. Ne6
Rf7 22. Qd3 Ne8 23. Ng5 Re7 24. Qa3 c5 25. Qb3 Bf6 26. Nf7+ 1-0

[Event "4NCL Division Three Bishops"]
[Site "Telford, ENG"]
[Date "2024.02.10"]
[Round "5.22"]
[White "Nguyen, Anh"]
[Black "Maton, Emily"]
[Result "1/2-1/2"]
[WhiteElo "1782"]
[BlackElo "1703"]
[PlyCount "228"]
[EventDate "2024.02.10"]
[WhiteTeam "Sussex Martlets 3"]
[BlackTeam "She Plays To Win Lionesses"]

1. e4 e6 2. d4 d5 3. Bd3 c5 4. exd5 exd5 5. Nf3 c4 6. Be2 Nf6 7. O-O Be7 8. Re1
O-O 9. Nbd2 Nc6 10. Nf1 Ne4 11. Bxc4 Nxf2 12. Kxf2 dxc4 13. Ne3 Bf6 14. c3 b5
15. a4 Ba6 16. axb5 Bxb5 17. Ng4 h5 18. Nxf6+ Qxf6 19. Qc2 Rfe8 20. Bg5 Qd6 21.
Qf5 a6 22. Bf4 Qg6 23. Qxg6 fxg6 24. h4 Ne7 25. g3 Nd5 26. Ne5 Re6 27. Re2 Rf8
28. Kf3 Ref6 29. Re4 Kh7 30. Rc1 Rf5 31. Rf1 g5 32. hxg5 Rxg5 33. Ke2 Rgf5 34.
Rh1 Nf6 35. g4 Nxe4 36. gxf5 Rxf5 37. Bh2 a5 38. Ke3 Nf6 39. Bg3 g5 40. d5 h4
41. Kd4 Kg7 42. Bxh4 gxh4 43. Rxh4 Ba6 44. d6 Rf2 45. Nxc4 Bxc4 46. Kxc4 Rxb2
47. Kc5 Kf7 48. Ra4 Ke6 49. Rxa5 Ne4+ 50. Kd4 Nxd6 51. Ra1 Rd2+ 52. Ke3 Rc2 53.
Kd3 Rh2 54. Ra4 Rh3+ 55. Kc2 Kd5 56. Ra5+ Kc4 57. Ra4+ Kc5 58. Rd4 Nb5 59. Rd3
Na3+ 60. Kd2 Rh2+ 61. Ke1 Kc4 62. Rf3 Nb5 63. Rf2 Rh3 64. Kf1 Nxc3 65. Kg2 Rh7
66. Rf4+ Kd5 67. Kf3 Ke5 68. Rg4 Rf7+ 69. Ke3 Nd1+ 70. Kd2 Nf2 71. Ra4 Ne4+ 72.
Ke3 Nc5 73. Rc4 Ne6 74. Ra4 Rh7 75. Ra5+ Kf6 76. Ke4 Rh4+ 77. Ke3 Nc7 78. Rc5
Rh3+ 79. Ke4 Ne6 80. Ra5 Rg3 81. Rf5+ Ke7 82. Ra5 Rg4+ 83. Kf3 Rd4 84. Ke3 Kf6
85. Ra6 Rd5 86. Ra4 Nc5 87. Rd4 Re5+ 88. Kf3 Ne6 89. Ra4 Kf5 90. Rb4 Ng5+ 91.
Kf2 Nh3+ 92. Kf3 Ra5 93. Ke3 Ng5 94. Kd3 Ne4 95. Kd4 Nd6 96. Rb6 Ke6 97. Rb4
Rd5+ 98. Ke3 Ke5 99. Ra4 Nf5+ 100. Kf3 Rd3+ 101. Ke2 Rb3 102. Kd2 Nd4 103. Ra8
Ne6 104. Ra4 Nc5 105. Rh4 Ne4+ 106. Kc2 Rg3 107. Rh8 Kd4 108. Rd8+ Kc4 109.
Rc8+ Nc5 110. Kd2 Rd3+ 111. Ke2 Rd5 112. Rh8 Kc3 113. Rh3+ Nd3 114. Kf3 Rf5+
1/2-1/2

[Event "4NCL Division Three Bishops"]
[Site "Telford, ENG"]
[Date "2024.02.10"]
[Round "5.23"]
[White "Rida, Ruqayyah"]
[Black "Woods, Timothy J"]
[Result "1-0"]
[WhiteElo "1770"]
[BlackElo "1665"]
[PlyCount "58"]
[EventDate "2024.02.10"]
[WhiteTeam "She Plays To Win Lionesses"]
[BlackTeam "Sussex Martlets 3"]

1. e4 d6 2. d4 Nf6 3. Nc3 g6 4. f4 Bg7 5. Bd3 O-O 6. Nf3 Na6 7. e5 Nd7 8. Be3
c5 9. Qe2 Nc7 10. O-O-O Rb8 11. Rhe1 b5 12. dxc5 b4 13. Ne4 Nd5 14. cxd6 Qa5
15. Bc4 Nc3 16. bxc3 bxc3 17. Nxc3 Qxc3 18. Qd3 Qb2+ 19. Kd2 Qb4+ 20. Qc3 Qxc3+
21. Kxc3 exd6 22. Rxd6 Re8 23. Red1 Bf8 24. R6d5 Bb4+ 25. Kd3 Nb6 26. Bxb6 Rxb6
27. Nd4 Bg4 28. Rb1 Ba5 29. Bb3 Bc8 1-0

[Event "4NCL Division Three Bishops"]
[Site "Telford, ENG"]
[Date "2024.02.10"]
[Round "5.24"]
[White "Chapman, Luke"]
[Black "Latypova, Olga L"]
[Result "1/2-1/2"]
[WhiteElo "1620"]
[BlackElo "1684"]
[PlyCount "42"]
[EventDate "2024.02.10"]
[WhiteTeam "Sussex Martlets 3"]
[BlackTeam "She Plays To Win Lionesses"]

1. e4 c5 2. Nc3 e6 3. Nge2 Nc6 4. g3 a6 5. Bg2 Nge7 6. O-O g6 7. d4 cxd4 8.
Nxd4 Bg7 9. Be3 O-O 10. Nxc6 Nxc6 11. f4 d6 12. Qd2 Na5 13. b3 b5 14. Rad1 Qc7
15. Ne2 Nb7 16. f5 exf5 17. exf5 gxf5 18. Bh6 Rb8 19. Bxg7 Kxg7 20. Rxf5 Bxf5
21. Qg5+ Kh8 1/2-1/2